000
00281nam a2200109Ia 4500
005
20251222154326.0
008
251222s9999||||xx |||||||||||||| ||spa||
082
_a
378.008.5/G86
100
_a
"Guerra-García, Roger"
245
0
_a
Diélogo sobre la universidad peruana
942
_c
LIB
999
_c
33956
_d
33956